[Event "Detroit (RVO/5)"]
[Site "?"]
[Date "1990.??.??"]
[Round "?"]
[White "Johnson, P."]
[Black "Harrell, K."]
[Result "0-1"]
[WhiteElo "1605"]
[BlackElo "1605"]
[PlyCount "72"]
[EventDate "1990.??.??"]

1. Nf3 d5 2. c4 d4 3. d3 c5 4. g3 Nc6 5. Bg2 e5 6. Nbd2 f5 7. O-O Nf6 8. Re1 e4
9. Ng5 h6 10. Nh3 g5 11. Nxe4 fxe4 12. Bxe4 Bxh3 13. Bg6+ Kd7 14. Qb3 Kc7 15.
f4 Ne7 16. Bf7 Rh7 17. fxg5 Rxf7 18. Bf4+ Kc8 19. gxf6 Rxf6 20. e4 dxe3 21.
Rxe3 Nf5 22. Re5 Bd6 23. Rd5 Ne7 24. Rxd6 Rxd6 25. Bxd6 Qxd6 26. Kf2 Kc7 27.
Re1 Rf8+ 28. Ke2 Qd4 29. Kd1 Rf1 30. Rxf1 Bxf1 31. Qa3 Qxd3+ 32. Qxd3 Bxd3 33.
b3 Kd6 34. Kd2 Bb1 35. a4 a5 36. Kc3 Ke5 0-1

[Event "Detroit (MOR/2/63)"]
[Site "?"]
[Date "1990.??.??"]
[Round "?"]
[White "Johnson, P."]
[Black "Carpenter, T."]
[Result "1-0"]
[WhiteElo "1605"]
[BlackElo "1605"]
[PlyCount "127"]
[EventDate "1990.??.??"]

{2/(63)} 1. Nf3 d5 2. g3 Nc6 3. Bg2 Bf5 4. d4 e6 5. O-O Bb4 6. c3 Ba5 7. Bf4
Qe7 8. Ne5 Nxe5 9. Qa4+ Nc6 10. b4 b6 11. bxa5 Qd7 12. axb6 cxb6 13. Na3 Nf6
14. Nb5 O-O 15. Nd6 Nh5 16. Be5 f6 17. Nxf5 fxe5 18. Nh4 Rac8 19. Qd1 Qf7 20.
e3 e4 21. Bh3 Ne7 22. Rc1 g5 23. Ng2 Rc6 24. Qg4 h6 25. Nf4 Nf6 26. Qxe6 gxf4
27. Qxf7+ Rxf7 28. gxf4 Rg7+ 29. Kh1 Ng4 30. Bxg4 Rxg4 31. f3 Rh4 32. fxe4 Rh3
33. exd5 Nxd5 34. Rg1+ Kh7 35. Rg3 Rxg3 36. hxg3 Nxe3 37. Kg1 Rc4 38. Kf2 Ng4+
39. Kf3 Nh2+ 40. Ke4 Ng4 41. Kd3 Rc7 42. d5 Re7 43. Kd4 Re3 44. d6 Re8 45. Kd5
Nf6+ 46. Kc6 Re6 47. f5 Re8 48. d7 Rf8 49. Rd1 Nxd7 50. Rxd7+ Kh8 51. Rd5 Rc8+
52. Kd6 Rxc3 53. g4 Rg3 54. Rd4 h5 55. gxh5 Rg5 56. f6 Rxh5 57. Ke6 Rh6 58.
Rd8+ Kh7 59. Rd7+ Kh8 60. Ke7 Rh7+ 61. f7 a5 62. Rd8+ Kg7 63. f8=Q+ Kg6+ 64.
Ke8 1-0

[Event "Detroit (MOR/3/36)"]
[Site "?"]
[Date "1990.??.??"]
[Round "?"]
[White "Johnson, P."]
[Black "Albacker, D."]
[Result "0-1"]
[WhiteElo "1605"]
[BlackElo "1620"]
[PlyCount "78"]
[EventDate "1990.??.??"]

{3/(36)} 1. Nf3 d5 2. g3 Nf6 3. Bg2 h6 4. b3 Bf5 5. Nd4 Bh7 6. Bb2 e6 7. e3 c5
8. Nb5 Be7 9. c4 Nc6 10. d4 a6 11. N5a3 cxd4 12. exd4 Rc8 13. O-O O-O 14. c5 b6
15. cxb6 Qxb6 16. Re1 Nb4 17. Nc3 Nd3 18. Nxd5 Nxd5 19. Nc4 Qa7 20. Bxd5 Nxe1
21. Bxe6 fxe6 22. Qxe1 Qd7 23. Nb6 Qd6 24. Nxc8 Rxc8 25. Rd1 Bf6 26. Bc3 Qd5
27. Qd2 Bf5 28. f4 Bh3 29. Bb2 Rd8 30. Qf2 Bg4 31. Rd3 Qe4 32. Qd2 Bf5 33. Re3
Qb1+ 34. Re1 Qxa2 35. Ra1 Qxb3 36. Rxa6 Qc4 37. Qa5 Bxd4+ 38. Kg2 Qe2+ 39. Kh1
Qf3# 0-1

[Event "Detroit (RVO/2)"]
[Site "?"]
[Date "1990.??.??"]
[Round "?"]
[White "Johnson, Henry"]
[Black "Serwatowski, Felix"]
[Result "1-0"]
[WhiteElo "1915"]
[BlackElo "1605"]
[PlyCount "73"]
[EventDate "1990.??.??"]

1. c4 e5 2. g3 Nf6 3. Bg2 Nc6 4. e3 Bc5 5. Nc3 Ne7 6. Nge2 O-O 7. O-O c6 8. d4
exd4 9. exd4 Bb6 10. Bg5 Ng6 11. Ne4 d5 12. cxd5 cxd5 13. Nxf6+ gxf6 14. Bh6
Re8 15. Nc3 Be6 16. Qd2 Ne7 17. Qf4 Ng6 18. Qd2 Ba5 19. a3 Bb6 20. h4 Kh8 21.
Rfe1 Rg8 22. h5 Ne7 23. Be3 Nf5 24. Na4 Ba5 25. b4 Bc7 26. Nc5 b6 27. Nd3 Qd7
28. Rac1 Nd6 29. Nb2 Ne4 30. Bxe4 dxe4 31. Bf4 Rac8 32. Bxc7 Rxc7 33. Qf4 Rxc1
34. Qxf6+ Rg7 35. Rxc1 Kg8 36. Qe5 Bd5 37. Qb8+ 1-0

[Event "Detroit (RVO/4)"]
[Site "?"]
[Date "1990.??.??"]
[Round "?"]
[White "Johnson, Henry"]
[Black "Hamilton, S."]
[Result "1-0"]
[WhiteElo "1915"]
[BlackElo "1700"]
[PlyCount "73"]
[EventDate "1990.??.??"]

1. f4 e5 2. fxe5 d6 3. Nf3 Nc6 4. e4 dxe5 5. Bb5 Bc5 6. d3 h6 7. Nc3 Bd7 8. Na4
Qe7 9. Nxc5 Qxc5 10. Bxc6 Bxc6 11. Qe2 Ne7 12. Be3 Qb4+ 13. c3 Qd6 14. O-O a6
15. Rad1 O-O-O 16. Ne1 f6 17. Nc2 h5 18. a3 Ng6 19. g3 Bd7 20. Qg2 Bg4 21. Rd2
Qe6 22. Rc1 h4 23. d4 hxg3 24. d5 Qd7 25. hxg3 Rh3 26. Kf1 Rdh8 27. Bg1 Rh1 28.
Kf2 Qb5 29. Ne3 R8h2 30. Bxh2 Rxc1 31. Nxg4 Qb3 32. Ne3 Nf8 33. Qh3+ Kd8 34.
Qh8 Ke8 35. Qxg7 Rh1 36. Kg2 Re1 37. Nc4 1-0

[Event "Detroit (MCO/1/20)"]
[Site "?"]
[Date "1990.??.??"]
[Round "?"]
[White "Johnson, H."]
[Black "Reeves, Andre"]
[Result "1-0"]
[WhiteElo "1865"]
[BlackElo "1605"]
[PlyCount "47"]
[EventDate "1990.??.??"]

{1/(20)} 1. e3 e5 2. b3 g6 3. Bb2 Bg7 4. f4 d6 5. Nf3 Bg4 6. Be2 Nf6 7. fxe5
dxe5 8. Bxe5 Nc6 9. Bb2 Qe7 10. O-O h5 11. Ng5 h4 12. Bxg4 Nxg4 13. Bxg7 Qxg5
14. Bxh8 Nxh2 15. Kxh2 Qg3+ 16. Kg1 O-O-O 17. Bf6 h3 18. Qf3 h2+ 19. Kh1 Qd6
20. Bxd8 Nxd8 21. d4 f5 22. Nd2 Nf7 23. Nc4 Ng5 24. Nxd6+ 1-0

[Event "Detroit (MCO/3/12)"]
[Site "?"]
[Date "1990.??.??"]
[Round "?"]
[White "Johnson, H."]
[Black "McCarter, Robert"]
[Result "1/2-1/2"]
[WhiteElo "1865"]
[BlackElo "1720"]
[PlyCount "96"]
[EventDate "1990.??.??"]

{3/(12)} 1. e3 d5 2. b3 c5 3. Bb2 e6 4. Nf3 Nf6 5. c4 dxc4 6. Bxc4 Be7 7. O-O
O-O 8. Na3 b6 9. d4 Bb7 10. Ne5 Nc6 11. Nxc6 Bxc6 12. Nc2 b5 13. Be2 Qb6 14.
Bf3 Rfd8 15. Qe2 Qb7 16. Bxc6 Qxc6 17. dxc5 Bxc5 18. Nd4 Bxd4 19. Bxd4 a6 20.
Rac1 Qb7 21. Rc5 Rac8 22. Rfc1 Rxc5 23. Rxc5 Ne4 24. Rc2 Rc8 25. h3 Nd6 26. Be5
Rxc2 27. Qxc2 Qc8 28. Qb2 Ne8 29. Qa3 f6 30. Bd4 e5 31. Bc5 Qe6 32. Qa5 Kf7 33.
Qd8 e4 34. Kf1 f5 35. Ke2 Kg6 36. Qe7 Qxe7 37. Bxe7 Kf7 38. Bd8 Ke6 39. Kd2 Kd5
40. Kc3 Nd6 41. Kb4 Kc6 42. Be7 Nb7 43. Kc3 Kd5 44. b4 g6 45. g3 a5 46. a3 a4
47. h4 h5 48. Bf8 Nd8 1/2-1/2

[Event "Detroit (MCO/5/7)"]
[Site "?"]
[Date "1990.??.??"]
[Round "?"]
[White "Johnson, H."]
[Black "Mazuchowski, Tom"]
[Result "0-1"]
[WhiteElo "1865"]
[BlackElo "2210"]
[PlyCount "110"]
[EventDate "1990.??.??"]

{5/(7)} 1. e4 e5 2. Nf3 Nc6 3. d4 exd4 4. Nxd4 Bb4+ 5. c3 Be7 6. Bd3 d6 7. O-O
Nf6 8. f4 O-O 9. Kh1 Bg4 10. Qc2 Qd7 11. Be3 g6 12. Nd2 Rae8 13. f5 Kh8 14.
fxg6 hxg6 15. Nxc6 bxc6 16. Bd4 Kg7 17. e5 dxe5 18. Bxe5 Bd8 19. Nc4 Be6 20.
Bd4 Bd5 21. Qf2 Re6 22. Rad1 Rh8 23. Ne5 Qd6 24. Ng4 c5 25. Bxc5 Bxg2+ 26. Kg1
Qc6 27. Bd4 Bh3 28. Ne5 Rxe5 29. Bxe5 Rh5 30. Rfe1 Rg5+ 31. Bg3 Ng4 32. Qd4+
Bf6 33. Qe4 Qb6+ 34. Kh1 Qxb2 35. Re2 Qb6 36. Rb1 Qa5 37. Bc4 Ne5 38. Rb5 Qxc3
39. Bxe5 Qc1+ 40. Re1 Bg2+ 41. Qxg2 Qxe1+ 42. Bf1 Rxg2 43. Bxf6+ Kxf6 44. Kxg2
Qd2+ 45. Kg3 Qxa2 46. Bg2 Qc4 47. Rb7 a5 48. Bf3 g5 49. Ra7 a4 50. Ra5 Kg6 51.
h3 f5 52. Rd5 a3 53. Rd8 a2 54. Bd5 Qxd5 55. Rxd5 a1=Q 0-1

[Event "Detroit (MI Op/6/28)"]
[Site "?"]
[Date "1990.??.??"]
[Round "?"]
[White "Johnson, H."]
[Black "June, Brian"]
[Result "0-1"]
[WhiteElo "1950"]
[BlackElo "1865"]
[PlyCount "54"]
[EventDate "1990.??.??"]

{6/(28)} 1. e4 c5 2. Nf3 Nc6 3. Bb5 g6 4. O-O Bg7 5. c3 e5 6. Na3 Nge7 7. Re1
O-O 8. d3 a6 9. Ba4 b5 10. Bc2 d5 11. exd5 Nxd5 12. c4 Nc7 13. cxb5 axb5 14.
Ng5 Nd4 15. Ne4 Nce6 16. Be3 Bb7 17. Qd2 f5 18. Ng5 Qd5 19. f3 Nxg5 20. Bxg5
Kh8 21. Kh1 Rae8 22. Bd1 e4 23. dxe4 fxe4 24. fxe4 Rxe4 25. Bc2 Rg4 26. Re7
Qxg2+ 27. Qxg2 Bxg2+ 0-1

[Event "Detroit (MI Op/2/41)"]
[Site "?"]
[Date "1990.??.??"]
[Round "?"]
[White "Johnson, H."]
[Black "Garrison, Ray"]
[Result "1-0"]
[WhiteElo "1950"]
[BlackElo "1815"]
[PlyCount "49"]
[EventDate "1990.??.??"]

{2/(41)} 1. e4 d5 2. exd5 Nf6 3. Nf3 Nxd5 4. d4 g6 5. Bc4 Nb6 6. Bb3 Bg7 7. O-O
O-O 8. h3 Re8 9. Re1 N8d7 10. Ng5 e6 11. c3 h6 12. Ne4 Nd5 13. Nbd2 a5 14. Ba4
e5 15. dxe5 Rxe5 16. Nf3 Rh5 17. Ng3 Nxc3 18. bxc3 Bxc3 19. Nxh5 Bxa1 20. Bxd7
Bxd7 21. Bxh6 Bc3 22. Re3 Bb4 23. Qd4 Bf8 24. Nf6+ Kh8 25. Nxd7+ 1-0

[Event "Detroit (MI Op/4/14)"]
[Site "?"]
[Date "1990.??.??"]
[Round "?"]
[White "Johnson, H."]
[Black "Beider, Andrew"]
[Result "0-1"]
[WhiteElo "1950"]
[BlackElo "2150"]
[PlyCount "48"]
[EventDate "1990.??.??"]

{4/(14)} 1. Nf3 d5 2. g3 c5 3. Bg2 Nc6 4. O-O e5 5. d3 Nf6 6. c4 d4 7. Bg5 Be7
8. Nbd2 O-O 9. h3 Be6 10. a3 Qd7 11. Kh2 a5 12. Qc2 h6 13. Bxf6 Bxf6 14. Ne4
Be7 15. g4 f5 16. gxf5 Bxf5 17. Nfd2 Nd8 18. Ng3 Ne6 19. Bd5 Kh8 20. Nxf5 Rxf5
21. Bf3 Raf8 22. Ne4 Rxf3 23. exf3 Nf4 24. Kg1 Qxh3 0-1

[Event "Detroit (MI Op/4/5)"]
[Site "?"]
[Date "1990.??.??"]
[Round "?"]
[White "Jirjis, Faris"]
[Black "Tsemekhman, Vadim"]
[Result "0-1"]
[WhiteElo "2090"]
[BlackElo "2350"]
[PlyCount "74"]
[EventDate "1990.??.??"]

{4/(5)} 1. e4 e6 2. d4 d5 3. Nd2 Nf6 4. e5 Nfd7 5. Bd3 c5 6. c3 Nc6 7. Ne2 cxd4
8. cxd4 f6 9. exf6 Nxf6 10. Nf3 Bd6 11. O-O Qc7 12. Nc3 a6 13. Bg5 O-O 14. Rc1
Nh5 15. Ne5 g6 16. Bh6 Rf6 17. Ng4 Rf7 18. Bg5 Kh8 19. g3 Ng7 20. Nh6 Rf8 21.
Qg4 Nh5 22. Qh4 Qg7 23. Ne2 e5 24. g4 Nf4 25. Nxf4 exf4 26. Rce1 Bd7 27. f3
Qxd4+ 28. Kh1 Qg7 29. Rf2 Ne5 30. Bc2 Bc6 31. Kg2 d4 32. Bb3 Rae8 33. Bc2 d3
34. Bb3 d2 35. Rxe5 Bxe5 36. Rxd2 Bf6 37. Nf7+ Rxf7 0-1

[Event "Detroit (MI Op/2/18)"]
[Site "?"]
[Date "1990.??.??"]
[Round "?"]
[White "Jirjis, Faris"]
[Black "Mikus, Jim"]
[Result "1-0"]
[WhiteElo "2090"]
[BlackElo "1800"]
[PlyCount "67"]
[EventDate "1990.??.??"]

{2/(18)} 1. e4 c6 2. d4 d5 3. exd5 cxd5 4. Bd3 Nf6 5. c3 Nc6 6. Bf4 e6 7. Nf3
Bd6 8. Bg3 O-O 9. O-O Ng4 10. Bxd6 Qxd6 11. Bxh7+ Kh8 12. Ne5 Nf6 13. Nxc6 bxc6
14. Bd3 e5 15. dxe5 Qxe5 16. Re1 Qd6 17. Qf3 Be6 18. Qg3 Qxg3 19. hxg3 c5 20.
Nd2 Rab8 21. b3 Rfd8 22. f4 g6 23. Bxg6 d4 24. c4 Bg4 25. Bxf7 Kg7 26. Re7 d3
27. Be6+ Kg6 28. Bxg4 Nxg4 29. Rae1 a5 30. R1e6+ Kf5 31. Rc6 a4 32. Rf7+ Nf6
33. Rcxf6+ Kg4 34. Rg7+ 1-0

[Event "Detroit (MI Op/7/5)"]
[Site "?"]
[Date "1990.??.??"]
[Round "?"]
[White "Jirjis, Faris"]
[Black "Mazuchowski, Tom"]
[Result "0-1"]
[WhiteElo "2090"]
[BlackElo "2185"]
[PlyCount "92"]
[EventDate "1990.??.??"]

{7/(5)} 1. e4 c5 2. Nf3 Nc6 3. Nc3 e6 4. d4 cxd4 5. Nxd4 Nf6 6. Ndb5 d6 7. Bf4
e5 8. Bg5 a6 9. Na3 b5 10. Nd5 Be7 11. Bxf6 Bxf6 12. Nxf6+ gxf6 13. Qd5 Bb7 14.
O-O-O Na5 15. Qxd6 Qxd6 16. Rxd6 Ke7 17. Rd2 Bxe4 18. f3 Bf5 19. Bd3 Bxd3 20.
Rxd3 Rhd8 21. Rhd1 Rxd3 22. Rxd3 Rg8 23. g3 f5 24. Nb1 Nc6 25. Nc3 Nb4 26. Re3
Ke6 27. f4 f6 28. Ne2 Nxa2+ 29. Kb1 Nb4 30. Nd4+ Kd5 31. Nxf5 exf4 32. Ne7+ Kd6
33. Re4 Rg5 34. g4 Rxg4 35. b3 Nd5 36. Nf5+ Kc5 37. Kb2 Rg2 38. h4 f3 39. Re1
b4 40. Rf1 f2 41. h5 Rg1 42. Ng3 Rxf1 43. Nxf1 Kd4 44. Kc1 Ne3 45. c3+ bxc3 46.
Ng3 f1=Q+ 0-1

[Event "Detroit (RVO/2)"]
[Site "?"]
[Date "1990.??.??"]
[Round "?"]
[White "Jirjis, Faris"]
[Black "June, Brian"]
[Result "1-0"]
[WhiteElo "2130"]
[BlackElo "1765"]
[PlyCount "26"]
[EventDate "1990.??.??"]

1. e4 c5 2. Nf3 Nc6 3. Nc3 g6 4. d4 cxd4 5. Nxd4 Bg7 6. Be3 e6 7. Ndb5 d5 8.
exd5 exd5 9. Nxd5 Be5 10. f4 a6 11. Bb6 Bg4 12. Qd2 Bxf4 13. Qxf4 Qxd5 1-0

[Event "Detroit (MCO/4/8)"]
[Site "?"]
[Date "1990.??.??"]
[Round "?"]
[White "Jirjis, Faris"]
[Black "Dobbs, Edward"]
[Result "0-1"]
[WhiteElo "2150"]
[BlackElo "1755"]
[PlyCount "50"]
[EventDate "1990.??.??"]

{4/(8)} 1. d4 d5 2. c4 e6 3. Nc3 Nf6 4. Bg5 Be7 5. e3 h6 6. Bh4 b6 7. Nf3 O-O
8. Ne5 Bb7 9. Rc1 dxc4 10. f3 Nd5 11. Bxe7 Qxe7 12. Nxc4 c5 13. e4 cxd4 14.
Qxd4 Nc6 15. Nxd5 exd5 16. Qxd5 Rad8 17. Qb5 Nd4 18. Qa4 Qh4+ 19. g3 Nxf3+ 20.
Kf2 Qxe4 21. Qa3 Rfe8 22. Ne3 Ng5 23. Bg2 Rd2+ 24. Ke1 Rxg2 25. Rc3 Qb1+ 0-1

[Event "Detroit (MCO/2/8)"]
[Site "?"]
[Date "1990.??.??"]
[Round "?"]
[White "Jirjis, Faris"]
[Black "Collins, Charles"]
[Result "1-0"]
[WhiteElo "2150"]
[BlackElo "1810"]
[PlyCount "38"]
[EventDate "1990.??.??"]

{2/(8)} 1. d4 Nf6 2. Nf3 d6 3. Nc3 g6 4. e4 Bg7 5. h3 O-O 6. Be2 c6 7. a4 Nbd7
8. Be3 e5 9. a5 b5 10. axb6 exd4 11. Nxd4 Qxb6 12. Ndb5 Qb8 13. Nxd6 Qxb2 14.
Na4 Qe5 15. f4 Qe7 16. e5 Nxe5 17. Nxc8 Raxc8 18. Bc5 Qe6 19. Bxf8 Bxf8 {[Rest
illegible; 1-0, 36]} 1-0

[Event "Lansing (MI Am/2/47)"]
[Site "?"]
[Date "1990.??.??"]
[Round "?"]
[White "Jensen, D."]
[Black "Watkins, K."]
[Result "1-0"]
[WhiteElo "1605"]
[BlackElo "1605"]
[PlyCount "65"]
[EventDate "1990.??.??"]

{2/(47)} 1. d4 d6 2. e4 Nc6 3. Nf3 Bg4 4. Be3 e6 5. h3 Bxf3 6. Qxf3 Qf6 7. c3
Qxf3 8. gxf3 f5 9. Nd2 fxe4 10. fxe4 O-O-O 11. f4 d5 12. e5 Be7 13. h4 Nh6 14.
Nf3 Nf5 15. Kd2 Nxe3 16. Kxe3 h6 17. Bd3 g5 18. hxg5 hxg5 19. Nxg5 Rxh1 20.
Rxh1 Rg8 21. Nxe6 Rg3+ 22. Kd2 Na5 23. Rh8+ Kd7 24. f5 Nc4+ 25. Bxc4 dxc4 26.
Rh7 Rg2+ 27. Ke3 Ke8 28. f6 Bxf6 29. exf6 Rxb2 30. f7+ Ke7 31. f8=Q+ Kxe6 32.
Qf7+ Kd6 33. Rh6# 1-0

[Event "Flint (Class C/1)"]
[Site "?"]
[Date "1990.??.??"]
[Round "?"]
[White "Jensen, D."]
[Black "Sells, P."]
[Result "1/2-1/2"]
[WhiteElo "1605"]
[BlackElo "1605"]
[PlyCount "114"]
[EventDate "1990.??.??"]

1. d4 Nf6 2. Nf3 d5 3. c4 e6 4. Bg5 Be7 5. Nc3 h6 6. Bh4 Ne4 7. Bxe7 Qxe7 8.
Qc2 Nxc3 9. Qxc3 O-O 10. e3 Nd7 11. Rc1 c6 12. Bd3 Re8 13. O-O e5 14. e4 dxe4
15. Bxe4 Nf6 16. Bb1 e4 17. Rfe1 Qc7 18. Ne5 c5 19. Bxe4 cxd4 20. Qxd4 Nxe4 21.
Rxe4 Bf5 22. Re3 Rad8 23. Qc3 f6 24. Nf3 Rxe3 25. Qxe3 Rd3 26. Qe1 Qd6 27. h3
g5 28. Qe8+ Kg7 29. Re1 Rd1 30. Rxd1 Qxd1+ 31. Qe1 Qxe1+ 32. Nxe1 Be6 33. b3
Kf7 34. Kf1 Bf5 35. Ke2 Bb1 36. Kd2 Be4 37. g3 h5 38. Kc3 g4 39. hxg4 hxg4 40.
Nd3 Ke7 41. Nc5 Bc6 42. Kd4 Kd6 43. Nd3 b6 44. Nf4 Bb7 45. a3 a5 46. b4 axb4
47. axb4 f5 48. c5+ bxc5+ 49. bxc5+ Kd7 50. Nd5 Ke6 51. Nb4 Be4 52. Kc4 Kd7 53.
Kb5 Kc7 54. c6 Kd6 55. Kb6 Bxc6 56. Nxc6 Kd5 57. Ne7+ Ke4 1/2-1/2

[Event "Flint (Class C/2)"]
[Site "?"]
[Date "1990.??.??"]
[Round "?"]
[White "Jensen, D."]
[Black "Saulmon, Scott"]
[Result "0-1"]
[WhiteElo "1605"]
[BlackElo "1605"]
[PlyCount "50"]
[EventDate "1990.??.??"]

1. d4 Nf6 2. c4 g6 3. Nc3 Bg7 4. Nf3 O-O 5. e3 d6 6. Qc2 Nc6 7. Be2 Bf5 8. Bd3
Nb4 9. Bxf5 Nxc2+ 10. Bxc2 Re8 11. b3 c5 12. Bb2 cxd4 13. exd4 a6 14. O-O Qc7
15. Rac1 Rad8 16. Ne2 Qa5 17. Bb1 Nd7 18. Rfd1 e5 19. dxe5 Nxe5 20. Nxe5 Bxe5
21. Rd5 Qc7 22. Bxe5 Rxe5 23. Nf4 Rde8 24. Nd3 Rxd5 25. cxd5 Qxc1+ 0-1

[Event "Lansing (Apr)"]
[Site "?"]
[Date "1990.??.??"]
[Round "?"]
[White "Jensen, D."]
[Black "LaGuire, D."]
[Result "1-0"]
[WhiteElo "1605"]
[BlackElo "1605"]
[PlyCount "73"]
[EventDate "1990.??.??"]

1. d4 Nf6 2. c4 g6 3. Nc3 Bg7 4. e4 d6 5. Be3 O-O 6. h3 Nc6 7. a3 e5 8. d5 Ne7
9. g4 Ne8 10. Be2 Kh8 11. Qd2 Ng8 12. O-O-O Bd7 13. g5 f6 14. h4 f5 15. f4 fxe4
16. Nxe4 Bf5 17. Bd3 Bxe4 18. Bxe4 exf4 19. Bd4 Be5 20. Nh3 Ng7 21. Rdf1 Qe7
22. Nxf4 Bxf4 23. Rxf4 Rxf4 24. Qxf4 Rf8 25. Qg4 Qf7 26. h5 gxh5 27. Rxh5 Qf1+
28. Kd2 Rf2+ 29. Kc3 Qc1+ 30. Kb3 Rxb2+ 31. Bxb2 Qe3+ 32. Ka2 Ne7 33. Rxh7+ Kg8
34. Rxg7+ Kf8 35. Qh5 Qf2 36. Qh8+ Ng8 37. Qxg8# 1-0

[Event "Lansing (MI Am/4/24)"]
[Site "?"]
[Date "1990.??.??"]
[Round "?"]
[White "Jensen, D."]
[Black "Guzman, J."]
[Result "0-1"]
[WhiteElo "1605"]
[BlackElo "1755"]
[PlyCount "66"]
[EventDate "1990.??.??"]

{4/(24)} 1. d4 f5 2. Nf3 Nf6 3. c4 e6 4. Nc3 b6 5. g3 Bb7 6. Bg2 d5 7. O-O Bd6
8. Nb5 Be7 9. Bf4 Na6 10. Rc1 c6 11. Nc3 O-O 12. Ne5 Qe8 13. e3 h6 14. h4 Kh7
15. Kh2 Rg8 16. Bf3 g5 17. Kg1 gxf4 18. exf4 h5 19. Qe2 Nc7 20. Rce1 Ng4 21.
Bxg4 hxg4 22. f3 Qh5 23. Qf2 c5 24. fxg4 fxg4 25. cxd5 Nxd5 26. Ne4 Raf8 27.
Kg2 Nf6 28. Qc2 Qf5 29. Kh2 Nxe4 30. Re2 Bxh4 31. Rxe4 Qxe4 32. Qxe4+ Bxe4 33.
dxc5 bxc5 0-1

[Event "Lansing (Apr)"]
[Site "?"]
[Date "1990.??.??"]
[Round "?"]
[White "Jensen, D."]
[Black "Dakins, J."]
[Result "1-0"]
[WhiteElo "1605"]
[BlackElo "1605"]
[PlyCount "122"]
[EventDate "1990.??.??"]

1. d4 Nf6 2. c4 g6 3. Nc3 Bg7 4. e4 d6 5. h3 O-O 6. Nf3 Nbd7 7. Be3 c5 8. d5 a6
9. Rc1 Nh5 10. g4 Nhf6 11. Be2 Nb6 12. Nd2 Bd7 13. g5 Ne8 14. h4 f5 15. h5 f4
16. hxg6 hxg6 17. Bg4 fxe3 18. fxe3 Nc7 19. Qe2 e6 20. Nf3 exd5 21. Bxd7 Nxd7
22. exd5 Rxf3 23. Qxf3 Qxg5 24. Ne4 Qe7 25. Ke2 Rf8 26. Qh3 Kf7 27. Rcf1+ Ke8
28. Rxf8+ Bxf8 29. Qh4 Qxh4 30. Rxh4 Ne5 31. b3 b5 32. Rh8 Ke7 33. Rh7+ Kd8 34.
Rh8 Ke7 35. Rh7+ Nf7 36. Ng5 bxc4 37. bxc4 Ne8 38. Rxf7+ Kd8 39. Rxf8 Ke7 40.
Rf7+ Kd8 41. Ne6+ Kc8 42. Ra7 Nf6 43. Rxa6 Ne4 44. Kd3 Nf2+ 45. Ke2 Ne4 46. Kf3
Nd2+ 47. Ke2 Nxc4 48. Ra8+ Kb7 49. Rg8 Ne5 50. Nf8 Kb6 51. Nxg6 Nc4 52. Nf4 Kb5
53. Ra8 Nb6 54. Rb8 Ka6 55. Rxb6+ Kxb6 56. Kd2 c4 57. Kc3 Kc5 58. e4 Kb5 59.
Ng2 Kc5 60. Nh4 Kb5 61. Nf5 Kc5 1-0

[Event "Flint (Class C/5)"]
[Site "?"]
[Date "1990.??.??"]
[Round "?"]
[White "Jensen, D."]
[Black "Burnham, Kim"]
[Result "1-0"]
[WhiteElo "1605"]
[BlackElo "1605"]
[PlyCount "85"]
[EventDate "1990.??.??"]

1. d4 d5 2. c4 e6 3. Nc3 Nf6 4. Bg5 Be7 5. e3 O-O 6. Rc1 Ne4 7. Bxe7 Qxe7 8.
cxd5 Nxc3 9. Rxc3 exd5 10. Nf3 c6 11. Bd3 h6 12. Bb1 Nd7 13. Qc2 Nf6 14. O-O
Bg4 15. Ne5 g6 16. f3 Bf5 17. e4 dxe4 18. fxe4 Nxe4 19. Rxf5 Nxc3 20. bxc3 gxf5
21. Qxf5 f6 22. Qg4+ Qg7 23. Qe6+ Rf7 24. Ng6 Raf8 25. h4 f5 26. Bxf5 Qf6 27.
Nxf8 Qxe6 28. Bxe6 Kxf8 29. Bxf7 Kxf7 30. Kf2 Kf6 31. g4 b5 32. Kf3 a5 33. Kf4
Ke6 34. g5 hxg5+ 35. hxg5 Kf7 36. Ke5 Ke7 37. g6 b4 38. cxb4 axb4 39. g7 Kf7
40. Kd6 Kxg7 41. Kxc6 Kf8 42. Kc7 Ke7 43. d5 1-0

[Event "Lansing (Jan)"]
[Site "?"]
[Date "1990.??.??"]
[Round "?"]
[White "Jarosz, Stan"]
[Black "Smith, David"]
[Result "1-0"]
[WhiteElo "2140"]
[BlackElo "1885"]
[PlyCount "55"]
[EventDate "1990.??.??"]

1. d4 e6 2. c4 Nf6 3. Nf3 b6 4. a3 Bb7 5. Nc3 d5 6. cxd5 exd5 7. Bg5 Be7 8. e3
O-O 9. Be2 Nbd7 10. O-O c5 11. Rc1 Ne4 12. Bxe7 Qxe7 13. dxc5 Nxc3 14. Rxc3
bxc5 15. Qc2 Rfc8 16. Rc1 c4 17. Nd4 Nc5 18. Bf3 Nd3 19. Rd1 Ne5 20. Be2 g6 21.
Rc1 Rab8 22. Qa4 Nc6 23. Rd1 Nxd4 24. Rxd4 Bc6 25. Qc2 Rb6 26. b4 f5 27. Bf3
Qb7 28. Qe2 $138 1-0

[Event "Detroit (MI Op/3/10)"]
[Site "?"]
[Date "1990.??.??"]
[Round "?"]
[White "Jarosz, Stan"]
[Black "Ruiz, G."]
[Result "1-0"]
[WhiteElo "2050"]
[BlackElo "2405"]
[PlyCount "59"]
[EventDate "1990.??.??"]

{3/(10)} 1. d4 Nf6 2. Nf3 g6 3. Bf4 Bg7 4. c3 O-O 5. Nbd2 d5 6. h3 Nbd7 7. e3
c5 8. Be2 b6 9. O-O Bb7 10. Ne5 Ne4 11. Nxd7 Qxd7 12. Nxe4 dxe4 13. dxc5 Qxd1
14. Rfxd1 e5 15. Bg5 bxc5 16. Be7 Rfc8 17. Bc4 Kh8 18. Rd2 f5 19. Rad1 h6 20.
Rd6 Rc7 21. Rd8+ Rxd8 22. Rxd8+ Kh7 23. Bd6 Rc8 24. Rxc8 Bxc8 25. Bxc5 a6 26.
Bd5 g5 27. b4 Kg6 28. a4 Bd7 29. a5 Bf6 30. c4 1-0

[Event "Detroit (MI Op/7/8)"]
[Site "?"]
[Date "1990.??.??"]
[Round "?"]
[White "Jarosz, Stan"]
[Black "Beider, Andrew"]
[Result "1-0"]
[WhiteElo "2050"]
[BlackElo "2150"]
[PlyCount "92"]
[EventDate "1990.??.??"]

{7/(8)} 1. d4 d5 2. Nf3 Nf6 3. Bf4 e6 4. Nbd2 b6 5. e3 Be7 6. c3 Bb7 7. Bd3
Nbd7 8. O-O c5 9. Ne5 c4 10. Bc2 b5 11. Qe2 Nxe5 12. dxe5 Nd7 13. e4 Nf8 14.
Bg3 Qb6 15. exd5 exd5 16. Nf3 Ne6 17. Rad1 h5 18. Nd4 h4 19. Nxe6 Qxe6 20. Bf4
g5 21. Bc1 O-O-O 22. b3 g4 23. bxc4 bxc4 24. Bf4 Bc5 25. Bg5 Rdg8 26. Bf6 Rh6
27. Qd2 Rxf6 28. exf6 g3 29. Qf4 Rg4 30. Qf5 gxf2+ 31. Rxf2 Kc7 32. Qxe6 fxe6
33. Rd4 Bxd4 34. cxd4 Rg8 35. f7 Rf8 36. g4 hxg3 37. hxg3 Kd8 38. Ba4 Ke7 39.
Be8 Bc8 40. g4 e5 41. g5 exd4 42. g6 Be6 43. g7 Rxe8 44. f8=Q+ Kd7 45. Rf7+
Bxf7 46. Qxf7+ Re7 1-0

[Event "Detroit (MI Op/6/5)"]
[Site "?"]
[Date "1990.??.??"]
[Round "?"]
[White "Jarosz, Stan"]
[Black "Andrews, Steve"]
[Result "0-1"]
[WhiteElo "2050"]
[BlackElo "2185"]
[PlyCount "50"]
[EventDate "1990.??.??"]

{6/(5)} 1. d4 Nf6 2. Nf3 g6 3. Bf4 Bg7 4. c3 O-O 5. Nbd2 d6 6. h3 Nbd7 7. e4 c6
8. e5 Nd5 9. Bh2 dxe5 10. dxe5 Nc5 11. Nd4 a5 12. a4 f6 13. exf6 Bxf6 14. N4b3
Qb6 15. Nxc5 Qxc5 16. Ne4 Qb6 17. Nxf6+ exf6 18. Qd2 Bf5 19. Be2 Rad8 20. O-O
Rfe8 21. Bc4 Kg7 22. Rfe1 Ne3 23. Qxe3 Rxe3 24. Rxe3 Qc5 25. Ba2 Rd2 0-1

[Event "Detroit (MI Op/2/25)"]
[Site "?"]
[Date "1990.??.??"]
[Round "?"]
[White "Jarosz, Stan"]
[Black "Anderson, JA."]
[Result "1-0"]
[WhiteElo "2050"]
[BlackElo "1845"]
[PlyCount "71"]
[EventDate "1990.??.??"]

{2/(25)} 1. d4 Nf6 2. Nf3 d5 3. Bf4 e6 4. Nbd2 c5 5. e3 Nc6 6. c3 Be7 7. Bd3 b6
8. Ne5 Nxe5 9. dxe5 Nd7 10. Qg4 Bf8 11. Nf3 h6 12. h4 Qe7 13. h5 Bb7 14. Bg3
O-O-O 15. Bh4 f6 16. exf6 Nxf6 17. Qa4 Kb8 18. Ne5 Qc7 19. Bg6 Qxe5 20. Bg3 Bd6
21. Bxe5 Bxe5 22. O-O-O Rhf8 23. f4 Bc7 24. Qc2 Ng4 25. Qe2 Nf6 26. Rhg1 Ka8
27. g4 Ng8 28. g5 hxg5 29. fxg5 Ne7 30. Bc2 Ng8 31. Rdf1 Bd6 32. Rxf8 Rxf8 33.
Rf1 Re8 34. Bg6 Rd8 35. Rf7 Be5 36. Qf3 1-0

[Event "Lansing (MI Am/4/45)"]
[Site "?"]
[Date "1990.??.??"]
[Round "?"]
[White "James, Larry"]
[Black "Wolak, K."]
[Result "1-0"]
[WhiteElo "1605"]
[BlackElo "1605"]
[PlyCount "90"]
[EventDate "1990.??.??"]

{4/(45)} 1. d4 c6 2. c4 d5 3. Nc3 Nf6 4. Bg5 Nbd7 5. e3 e6 6. Nf3 Be7 7. Bd3
O-O 8. Qc2 b6 9. O-O dxc4 10. Bxc4 b5 11. Bd3 g6 12. Bh6 Re8 13. Ne4 Ng4 14.
Qxc6 Rb8 15. Bf4 Bb7 16. Qxb5 Bxe4 17. Bxb8 Bxd3 18. Qxd3 Qxb8 19. Rfb1 Bd6 20.
h3 Ngf6 21. a3 e5 22. dxe5 Nxe5 23. Nxe5 Bxe5 24. Rd1 Kg7 25. Rab1 Bc7 26. b4
Rd8 27. Qb3 Bh2+ 28. Kh1 Rxd1+ 29. Rxd1 Ne4 30. Qb2+ Kh6 31. g3 Nxf2+ 32. Qxf2
Bxg3 33. Qxf7 Qa8+ 34. Kg1 Qe4 35. Qf8+ Kh5 36. Qc5+ Kh4 37. Rd4 Qxd4 38. Qxd4+
Kxh3 39. e4 h5 40. e5 g5 41. e6 g4 42. Qe4 Bd6 43. e7 Bxe7 44. Qxe7 h4 45. Qe3+
g3 1-0